Austerity Britain, 1945-51

Αποθηκεύτηκε σε:
Λεπτομέρειες βιβλιογραφικής εγγραφής
Κύριος συγγραφέας: Kynaston, David
Μορφή: Βιβλίο
Γλώσσα:English
Δημοσίευση: London : Bloomsbury, 2007
Θέματα:
Ετικέτες: Προσθήκη ετικέτας
Δεν υπάρχουν, Καταχωρήστε ετικέτα πρώτοι!

MARC

LEADER 00000nam a2200000 i 4500
001 1/89212
008 080619s2007 eng d
020 |a 978-0-7475-7985-4 (hbk.) 
035 |l 10098313 
040 |a GR-MY-UA  |b gre  |e aacr 
041 0 |a eng 
082 0 |a 941.085  |2 (22) 
100 1 |a Kynaston, David. 
245 1 0 |a Austerity Britain, 1945-51 /  |c David Kynaston 
260 |a London :   |b Bloomsbury,   |c 2007 
300 |a viii, 692 σ., [32] φύλλα πινάκων;  |b εικ.;  |c 24 εκ. 
504 |a Περιέχει βιβλιογραφικές παραπομπές και ευρετήριο 
651 0 |a Great Britain  |x Social life and customs  |y 1945- 
651 0 |a Great Britain  |x Social conditions  |y 1945- 
651 0 |a Great Britain  |x History  |y George VI, 1936-1952. 
651 0 |a Great Britain  |x Politics and government  |y 1945-1964. 
852 |a INST  |b LESVOS  |e 20080619  |h 941.085 KYN  |p 005100041655  |q 005100041655  |t BK  |y 0 
901 |a BIBL1-2008-2 
909 |a Λ  |b 151668 
922 |a 1ΕΛΗ  |b 200803  |c ΕΠΕΑΕΚ2/ΤΚΑ  |d ΠΑΠΑΣΩΤΗΡΙΟΥ 
970 |a ΚΑΡΑ  |b ΓΙΑΣΕΜΗ  |z 2008/06/19